<?xml version="1.0" encoding="UTF-8"?>
<record
    xmlns:xsi="http://www.w3.org/2001/XMLSchema-instance"
    xsi:schemaLocation="http://www.loc.gov/MARC21/slim http://www.loc.gov/standards/marcxml/schema/MARC21slim.xsd"
    xmlns="http://www.loc.gov/MARC21/slim">

  <leader>00817nab a2200229uuc4500</leader>
  <controlfield tag="001">1040319</controlfield>
  <controlfield tag="005">20240202082539.0</controlfield>
  <controlfield tag="008">070806e20070401                    spa  </controlfield>
  <datafield tag="035" ind1=" " ind2=" ">
    <subfield code="a">1040319</subfield>
  </datafield>
  <datafield tag="035" ind1=" " ind2=" ">
    <subfield code="a">(OCoLC)820216172</subfield>
  </datafield>
  <datafield tag="040" ind1=" " ind2=" ">
    <subfield code="c">comduadb</subfield>
  </datafield>
  <datafield tag="041" ind1=" " ind2=" ">
    <subfield code="a">spa</subfield>
  </datafield>
  <datafield tag="100" ind1="1" ind2="0">
    <subfield code="a">Bertomeu, Maria Julia</subfield>
    <subfield code="4">aut</subfield>
    <subfield code="0">(isni)0000 0003 8827 2221</subfield>
    <subfield code="0">(viaf)281422408</subfield>
    <subfield code="e">aut</subfield>
    <subfield code="9">330469</subfield>
  </datafield>
  <datafield tag="245" ind1="1" ind2="0">
    <subfield code="a">Publico y privado. Republicanismo y feminismo academico</subfield>
  </datafield>
  <datafield tag="650" ind1=" " ind2=" ">
    <subfield code="a">Lo privado</subfield>
    <subfield code="9">70889</subfield>
  </datafield>
  <datafield tag="650" ind1=" " ind2=" ">
    <subfield code="a">Lo p&#xFA;blico</subfield>
    <subfield code="9">70893</subfield>
  </datafield>
  <datafield tag="650" ind1=" " ind2="7">
    <subfield code="a">Feminismo</subfield>
    <subfield code="2">armarc</subfield>
    <subfield code="9">1802</subfield>
  </datafield>
  <datafield tag="650" ind1=" " ind2=" ">
    <subfield code="a">Republicanismo</subfield>
    <subfield code="9">48306</subfield>
  </datafield>
  <datafield tag="700" ind1="1" ind2="0">
    <subfield code="a">Dom&#xE8;nech, Antoni,</subfield>
    <subfield code="d">1952-2017</subfield>
    <subfield code="4">aut</subfield>
    <subfield code="0">(isni)0000 0000 6303 9480</subfield>
    <subfield code="0">(viaf)44345375</subfield>
    <subfield code="e">aut</subfield>
    <subfield code="9">482046</subfield>
  </datafield>
  <datafield tag="773" ind1="0" ind2=" ">
    <subfield code="t">El Viejo Topo (Barcelona)</subfield>
    <subfield code="g">N&#xFA;mero 231, Abril 2007, p. 95-99</subfield>
    <subfield code="w">7516</subfield>
    <subfield code="x">0210-2706</subfield>
    <subfield code="0">2936</subfield>
  </datafield>
  <datafield tag="942" ind1=" " ind2=" ">
    <subfield code="c">ARIMP</subfield>
  </datafield>
  <datafield tag="999" ind1=" " ind2=" ">
    <subfield code="c">427101</subfield>
    <subfield code="d">427101</subfield>
  </datafield>
</record>
